| 000 | 01191nam a2200241Ia 4500 | ||
|---|---|---|---|
| 003 | Ost | ||
| 005 | 20260507074851.0 | ||
| 008 | 260507s9999||||xx |||||||||||||| ||und|| | ||
| 040 | _cfsecg | ||
| 041 | _aara | ||
| 082 | _a338.72 | ||
| 100 |
_aالرشيد، عادل محمود _eمؤلف |
||
| 245 | 0 |
_aإدارة الشراكة بين القطاعين العام والخاص : _bالمفاهيم-النماذج-التطبيقات / _c عادل محمود الرشيد |
|
| 250 | _aطبعة 2 | ||
| 260 |
_aالقاهرة: _bالمنظمة العربية للتنمية الادارية, _c2006 |
||
| 300 |
_a224 صفحة؛ _bإيضاحات ؛ _c24 سم |
||
| 504 | _aبيبليوغرافيا: ص.215 | ||
| 520 | _aيضم منطلقات أساسية، المداخل المفاهيم والنماذج، الركائز الادارية والتوجهات البارزة في الشراكة، الممارسات والتجارب العالمية في إدارة الشراكة وتنظيماتها، موقف الشراكة في الواقع العربي | ||
| 653 | _aالشراكة | ||
| 653 | _aالقطاع الخاص | ||
| 653 | _aالقطاع العام | ||
| 942 | _cكتاب | ||
| 999 |
_c41570 _d41570 |
||